[Event "Torneo Zonal FIDE 2.5 Masculino 2009"]
[Site "Asuncion PAR"]
[Date "2009.06.10"]
[Round "1.4"]
[White "Butti, Enrique"]
[Black "Morovic, Ivan"]
[Result "0-1"]
[WhiteElo "2100"]
[BlackElo "2551"]
[PlyCount "60"]
[EventDate "2009.06.10"]
[EventType "swiss"]
[EventRounds "9"]
[EventCountry "PAR"]
[Source "lmi"]
[SourceDate "2009.06.10"]

1. d4 d5 2. c4 e6 3. cxd5 exd5 4. Nc3 c6 5. Bf4 Bd6 6. Bg3 Ne7 7. e3 O-O 8. Bd3
Bf5 9. Nf3 Re8 10. Nh4 Bxd3 11. Qxd3 a5 12. Nf5 Nxf5 13. Qxf5 a4 14. a3 Bf8 15.
O-O Nd7 16. Qc2 b5 17. Ne2 Rc8 18. Nf4 Nb6 19. Nd3 Nc4 20. Ne5 Na5 21. Rad1 f6
22. Nf3 Nc4 23. Nd2 Qa5 24. Nxc4 bxc4 25. Rfe1 Qb5 26. e4 dxe4 27. Rxe4 Qb3 28.
Qxb3 axb3 29. f3 Bxa3 30. bxa3 c3 0-1

[Event "Torneo Zonal FIDE 2.5 Masculino 2009"]
[Site "Asuncion PAR"]
[Date "2009.06.15"]
[Round "6.1"]
[White "Mareco, Sandro"]
[Black "Morovic, Ivan"]
[Result "1/2-1/2"]
[WhiteElo "2512"]
[BlackElo "2551"]
[PlyCount "49"]
[EventDate "2009.06.10"]
[EventType "swiss"]
[EventRounds "9"]
[EventCountry "PAR"]
[Source "lmi"]
[SourceDate "2009.06.10"]

1. d4 Nf6 2. c4 e6 3. Nc3 Bb4 4. e3 O-O 5. Bd3 Nc6 6. Nf3 d6 7. O-O Bxc3 8.
bxc3 e5 9. Nd2 Re8 10. Qc2 h6 11. Bb2 b6 12. a3 Na5 13. e4 Ba6 14. Rfe1 Qd7 15.
a4 Qe6 16. Ba3 Bxc4 17. Nxc4 Nxc4 18. Bb4 d5 19. exd5 Qxd5 20. Qa2 Na5 21. Qxd5
Nxd5 22. dxe5 Red8 23. Rad1 Nc6 24. Be4 Ncxb4 25. cxb4 1/2-1/2

[Event "Torneo Zonal FIDE 2.5 Masculino 2009"]
[Site "Asuncion PAR"]
[Date "2009.06.18"]
[Round "9.3"]
[White "Mareco, Sandro"]
[Black "Kropff, Ricardo"]
[Result "0-1"]
[WhiteElo "2512"]
[BlackElo "2298"]
[PlyCount "156"]
[EventDate "2009.06.10"]
[EventType "swiss"]
[EventRounds "9"]
[EventCountry "PAR"]
[Source "lmi"]
[SourceDate "2009.06.10"]

1. d4 Nf6 2. c4 e6 3. Nc3 Bb4 4. e3 O-O 5. Bd3 c5 6. Nf3 d5 7. O-O dxc4 8. Bxc4
cxd4 9. exd4 b6 10. Bg5 Bxc3 11. bxc3 Nbd7 12. Bd3 Bb7 13. Qe2 Qc7 14. Bd2 Ng4
15. Bxh7+ Kxh7 16. Ng5+ Kg8 17. Qxg4 Nf6 18. Qh4 Qc6 19. f3 Qd5 20. Rfe1 Qf5
21. Rac1 Rfc8 22. Ne4 Ne8 23. Nf2 Bd5 24. Re5 Qf6 25. Qh3 g6 26. Qg3 Qg7 27. a3
Rc6 28. Ng4 f6 29. Ree1 Nd6 30. Bh6 Qf7 31. Bg5 Nf5 32. Nh6+ Nxh6 33. Bxh6 Rac8
34. Bd2 Qh7 35. Rb1 Qh5 36. Qf4 Kf7 37. a4 g5 38. Qg3 Qg6 39. Rb2 Rc4 40. Qd6
Qf5 41. h3 Kg6 42. Qg3 Kf7 43. Ra1 Qd3 44. Qf2 R4c6 45. Kh2 Rh8 46. Qg3 Rcc8
47. Re1 Rh5 48. Qd6 Rch8 49. Qc7+ Kg6 50. Qg3 Rh4 51. f4 Qf5 52. Kg1 Rxh3 53.
gxh3 Rxh3 54. Re3 Rxg3+ 55. Rxg3 Qe4 56. Kf1 Qh1+ 57. Rg1 Qf3+ 58. Ke1 Bc4 59.
Bc1 Qxc3+ 60. Kf2 Qxd4+ 61. Kg2 g4 62. Kh2 Kf5 63. Rbg2 Bd5 64. Rxg4 Qxa4 65.
Rg8 Qc2+ 66. Kh3 Qe4 67. Kh4 a5 68. R8g3 b5 69. Kh5 Qe2+ 70. Kh6 b4 71. Kg7 Qc4
72. Rg6 Qc7+ 73. Kh6 Bf3 74. Bb2 Qxf4+ 75. Kg7 Qc7+ 76. Kg8 e5 77. R6g3 Ke6 78.
Rf1 Qf7+ 0-1

[Event "Torneo Zonal FIDE 2.5 Masculino 2009"]
[Site "Asuncion PAR"]
[Date "2009.06.18"]
[Round "9.4"]
[White "Lemos, Damian"]
[Black "Flores, Diego"]
[Result "1-0"]
[WhiteElo "2512"]
[BlackElo "2585"]
[PlyCount "70"]
[EventDate "2009.06.10"]
[EventType "swiss"]
[EventRounds "9"]
[EventCountry "PAR"]
[Source "lmi"]
[SourceDate "2009.06.10"]

1. d4 c5 2. d5 e5 3. c4 d6 4. e4 g6 5. Nc3 Nd7 6. Nf3 h5 7. Bg5 f6 8. Bd2 Bh6
9. Be2 Kf8 10. Nh4 Kg7 11. g3 Bxd2+ 12. Qxd2 Nf8 13. O-O-O Nh6 14. Ng2 a6 15.
Ne3 Ng4 16. Rdf1 b5 17. f4 Nxe3 18. Qxe3 Qe7 19. h4 b4 20. Nd1 exf4 21. gxf4
Bg4 22. Bd3 Nd7 23. Qg3 Rae8 24. Nf2 f5 25. exf5 Nf6 26. Nxg4 Nxg4 27. Re1 Qf6
28. fxg6 Qd4 29. f5 Qf2 30. Qxf2 Nxf2 31. f6+ Kh6 32. Bc2 Nxh1 33. Rxh1 Rhf8
34. Rf1 a5 35. f7 Rxf7 1-0

[Event "Torneo Zonal FIDE 2.5 Masculino 2009"]
[Site "Asuncion PAR"]
[Date "2009.06.18"]
[Round "9.5"]
[White "Roselli Mailhe, Bernardo"]
[Black "Felgaer, Ruben"]
[Result "0-1"]
[WhiteElo "2379"]
[BlackElo "2561"]
[PlyCount "140"]
[EventDate "2009.06.10"]
[EventType "swiss"]
[EventRounds "9"]
[EventCountry "PAR"]
[Source "lmi"]
[SourceDate "2009.06.10"]

1. d4 d5 2. c4 c6 3. cxd5 cxd5 4. Nc3 Nf6 5. Bf4 Nc6 6. e3 Bf5 7. Qb3 Na5 8.
Qa4+ Bd7 9. Bb5 Nc6 10. Qd1 e6 11. Nf3 Be7 12. h3 O-O 13. Bd3 Qb6 14. O-O Qxb2
15. Nb5 Nb4 16. Rb1 Qxa2 17. Ra1 Qb2 18. Rb1 Qa2 19. Ra1 Bxb5 20. Rxa2 Bxd3 21.
Ra1 Rfc8 22. Ne5 Bxf1 23. Qxf1 a6 24. f3 h6 25. g4 Rc2 26. h4 Nh7 27. Qh3 Nc6
28. Nd7 Rd8 29. Nb6 Nb4 30. Qg3 Nd3 31. Bc7 Nc1 32. Qe1 Nd3 33. Qg3 Re8 34. Rd1
Nc1 35. Qe1 Ne2+ 36. Kf1 Nxd4 37. exd4 Rxc7 38. Ke2 Nf8 39. Rc1 Bxh4 40. Qh1
Bd8 41. Rxc7 Bxc7 42. Qb1 Bd6 43. Kd3 Ng6 44. Nd7 b5 45. Qa2 Rd8 46. Nb6 Nf4+
47. Ke3 g5 48. Qxa6 b4 49. Nc8 b3 50. Nxd6 b2 51. Qb7 Rxd6 52. Qxb2 Rc6 53.
Qb8+ Kg7 54. Qe5+ Kg8 55. Qb8+ Kh7 56. Qf8 Rc7 57. Kd2 Ng6 58. Qb8 Rc4 59. Kd3
Nf4+ 60. Ke3 Ng6 61. Kd3 Kg7 62. Qb6 Ra4 63. Ke3 Ra2 64. Qb4 Nh4 65. Qd6 Rb2
66. Qe5+ Kh7 67. f4 gxf4+ 68. Kd3 Ng6 69. Qf6 Kg8 70. Kc3 Rg2 0-1

[Event "Torneo Zonal FIDE 2.5 Masculino 2009"]
[Site "Asuncion PAR"]
[Date "2009.06.18"]
[Round "9.6"]
[White "Bachmann, Axel"]
[Black "Riline, Alejandro"]
[Result "1-0"]
[WhiteElo "2555"]
[BlackElo "2209"]
[PlyCount "55"]
[EventDate "2009.06.10"]
[EventType "swiss"]
[EventRounds "9"]
[EventCountry "PAR"]
[Source "lmi"]
[SourceDate "2009.06.10"]

1. e4 e5 2. Nf3 Nc6 3. Bc4 Be7 4. d4 d6 5. Nc3 Nf6 6. h3 O-O 7. d5 Nb8 8. Be3
c6 9. dxc6 bxc6 10. O-O Nbd7 11. Re1 Bb7 12. Bb3 Re8 13. Qd2 Qc7 14. Rad1 a5
15. a4 Nf8 16. Bg5 Rad8 17. Nh4 g6 18. f4 h6 19. Bxh6 Nh5 20. Nf3 d5 21. exd5
Bc5+ 22. Kh2 cxd5 23. Rxe5 Rxe5 24. Nxe5 Re8 25. Nxd5 Bxd5 26. Qxd5 Ne6 27. Qd7
Qxd7 28. Nxd7 1-0

[Event "Torneo Zonal FIDE 2.5 Masculino 2009"]
[Site "Asuncion PAR"]
[Date "2009.06.18"]
[Round "9.8"]
[White "De Maria, Juan Pablo"]
[Black "Lopez Silva, Hugo"]
[Result "1-0"]
[WhiteElo "2288"]
[BlackElo "2424"]
[PlyCount "77"]
[EventDate "2009.06.10"]
[EventType "swiss"]
[EventRounds "9"]
[EventCountry "PAR"]
[Source "lmi"]
[SourceDate "2009.06.10"]

1. e4 e5 2. Nf3 Nc6 3. d4 exd4 4. Nxd4 Bc5 5. Nxc6 Qf6 6. Qd2 dxc6 7. Nc3 Bd4
8. Bd3 Be6 9. O-O O-O-O 10. Ne2 Bc5 11. Rb1 Ne7 12. b4 Bb6 13. a4 a6 14. b5
axb5 15. axb5 cxb5 16. Bb2 Qh4 17. Qb4 c6 18. Ra1 Nd5 19. Qa3 Nc7 20. Be5 Qh5
21. Qb2 f6 22. Bg3 Bg4 23. Nf4 Qc5 24. h3 Bd7 25. Qa2 Na6 26. Ne6 Qe7 27. Nxd8
Rxd8 28. c4 Be6 29. Be2 Rd4 30. Qc2 Qc5 31. Qb2 b4 32. Qc2 Qg5 33. Rxa6 bxa6
34. Qa4 Kb7 35. c5 a5 36. cxb6 Kxb6 37. Rd1 Rxd1+ 38. Qxd1 b3 39. Qd8+ 1-0

[Event "Torneo Zonal FIDE 2.5 Masculino 2009"]
[Site "Asuncion PAR"]
[Date "2009.06.18"]
[Round "9.9"]
[White "Valdes Escobar, Alvaro"]
[Black "Zacarias, M Ruben D"]
[Result "0-1"]
[WhiteElo "2393"]
[BlackElo "2209"]
[PlyCount "54"]
[EventDate "2009.06.10"]
[EventType "swiss"]
[EventRounds "9"]
[EventCountry "PAR"]
[Source "lmi"]
[SourceDate "2009.06.10"]

1. d4 Nf6 2. Nf3 g6 3. c4 Bg7 4. Nc3 O-O 5. e4 d6 6. Be2 c5 7. O-O Nc6 8. d5
Na5 9. a3 b6 10. h3 e5 11. b4 Nb7 12. bxc5 Nxc5 13. Nd2 Ne8 14. a4 f5 15. a5
Rb8 16. Ba3 Nf6 17. Bf3 f4 18. Rb1 Ra8 19. Nb5 Rf7 20. Bb4 Bf8 21. Ra1 Na6 22.
Bc3 g5 23. Kh2 h5 24. g4 Qd7 25. Rg1 Rh7 26. Rg2 hxg4 27. Bxg4 Nxg4+ 0-1

[Event "Torneo Zonal FIDE 2.5 Masculino 2009"]
[Site "Asuncion PAR"]
[Date "2009.06.18"]
[Round "9.10"]
[White "Daneri, Martin"]
[Black "Goiriz, Damian"]
[Result "1-0"]
[WhiteElo "2149"]
[BlackElo "2056"]
[PlyCount "53"]
[EventDate "2009.06.10"]
[EventType "swiss"]
[EventRounds "9"]
[EventCountry "PAR"]
[Source "lmi"]
[SourceDate "2009.06.10"]

1. e4 c5 2. Nc3 d6 3. f4 Nc6 4. Nf3 g6 5. Bb5 Bg7 6. O-O e6 7. Bxc6+ bxc6 8. d3
Rb8 9. Qe2 Ne7 10. Kh1 O-O 11. e5 d5 12. b3 c4 13. Ba3 cxd3 14. cxd3 Ba6 15.
Na4 Re8 16. Rfc1 d4 17. Bd6 Nd5 18. Bxb8 Qxb8 19. g3 c5 20. Nxc5 Bb5 21. Nxd4
Qa8 22. Nxb5 Nxf4+ 23. Qe4 Nd5 24. Nd6 Bxe5 25. Qxe5 f5 26. Nxe8 Nf4+ 27. Ne4
1-0

[Event "Torneo Zonal FIDE 2.5 Masculino 2009"]
[Site "Asuncion PAR"]
[Date "2009.06.18"]
[Round "9.11"]
[White "Villalba, Marcelo"]
[Black "Garcia Cardenas, Pablo"]
[Result "0-1"]
[WhiteElo "2020"]
[BlackElo "2314"]
[PlyCount "106"]
[EventDate "2009.06.10"]
[EventType "swiss"]
[EventRounds "9"]
[EventCountry "PAR"]
[Source "lmi"]
[SourceDate "2009.06.10"]

1. e4 Nf6 2. e5 Nd5 3. d4 d6 4. Nf3 Bg4 5. Be2 e6 6. O-O Be7 7. c4 Nb6 8. b3
O-O 9. Bb2 d5 10. Nbd2 Nc6 11. Re1 dxc4 12. Nxc4 Nd5 13. Ne3 Nxe3 14. fxe3 Qd5
15. Bc4 Qa5 16. a3 Rad8 17. b4 Qb6 18. Qc2 Bf5 19. Qf2 a5 20. e4 Bg4 21. d5
Qxf2+ 22. Kxf2 Nb8 23. bxa5 Nd7 24. Kg3 Bxf3 25. gxf3 Nc5 26. f4 Nxe4+ 27. Rxe4
exd5 28. Rd4 dxc4 29. Rxc4 Rd3+ 30. Kg4 c5 31. Bc3 g6 32. f5 h5+ 33. Kf4 Rh3
34. Be1 Rd8 35. f6 Bf8 36. Bg3 Rd3 37. Ke4 Rb3 38. Kd5 g5 39. e6 fxe6+ 40. Kxe6
Rf3 41. Rb1 Kh7 42. Rxb7+ Kg6 43. Rb8 Rxf6+ 44. Kd5 h4 45. Be5 Rf7 46. Rb6+ Kf5
47. Rc3 Rxc3 48. Bxc3 g4 49. Be1 g3 50. hxg3 h3 51. Rb2 Kg4 52. a6 Ra7 53. Rf2
Bh6 0-1

[Event "Torneo Zonal FIDE 2.5 Masculino 2009"]
[Site "Asuncion PAR"]
[Date "2009.06.18"]
[Round "9.12"]
[White "Butti, Enrique"]
[Black "Pereira, Fabian"]
[Result "0-1"]
[WhiteElo "2100"]
[BlackElo "2062"]
[PlyCount "72"]
[EventDate "2009.06.10"]
[EventType "swiss"]
[EventRounds "9"]
[EventCountry "PAR"]
[Source "lmi"]
[SourceDate "2009.06.10"]

1. d4 Nf6 2. c4 g6 3. Nc3 Bg7 4. e4 d6 5. f3 O-O 6. Bg5 c5 7. d5 h6 8. Be3 e6
9. Qd2 exd5 10. cxd5 a6 11. a4 Nbd7 12. Nh3 Rb8 13. Nf2 h5 14. Be2 Qa5 15. O-O
Qc7 16. Rac1 Re8 17. b3 Nh7 18. f4 Ndf8 19. e5 b6 20. Nfe4 dxe5 21. d6 Qd8 22.
Bc4 Be6 23. Bxe6 Nxe6 24. fxe5 Bxe5 25. Qd5 Bg7 26. Rc2 Qd7 27. a5 f5 28. axb6
fxe4 29. Nxe4 Rxb6 30. b4 Qc6 31. Qc4 Kh8 32. bxc5 Rb7 33. Rd2 Nd8 34. Rd4 Nf8
35. Bf2 a5 36. Bh4 Rb4 0-1

[Event "Torneo Zonal FIDE 2.5 Masculino 2009"]
[Site "Asuncion PAR"]
[Date "2009.06.18"]
[Round "9.13"]
[White "Roman, Rodrigo"]
[Black "Sartori, C Sergio M"]
[Result "0-1"]
[WhiteElo "1848"]
[BlackElo "2051"]
[PlyCount "72"]
[EventDate "2009.06.10"]
[EventType "swiss"]
[EventRounds "9"]
[EventCountry "PAR"]
[Source "lmi"]
[SourceDate "2009.06.10"]

1. c4 d6 2. Nc3 g6 3. g3 Bg7 4. Bg2 Nf6 5. e4 O-O 6. Nge2 e5 7. O-O Nc6 8. d3
Nh5 9. Rb1 f5 10. f4 exf4 11. Nxf4 Nf6 12. Ncd5 Ng4 13. Ne2 Nd4 14. h3 fxe4 15.
dxe4 Nxe2+ 16. Qxe2 Bd4+ 17. Be3 Nxe3 18. Nxe3 Be6 19. Kh2 Bxe3 20. Qxe3 Bxc4
21. Rxf8+ Qxf8 22. Rc1 Qf7 23. b3 Be6 24. Qc3 Rc8 25. Qd4 a6 26. Rf1 Qg7 27.
Rf6 c5 28. Qc3 Rf8 29. e5 Rxf6 30. exf6 Qd7 31. Qf3 Kf7 32. g4 d5 33. Qf4 d4
34. g5 d3 35. Qb8 d2 36. Qh8 Qd6+ 0-1

[Event "Torneo Zonal FIDE 2.5 Masculino 2009"]
[Site "Asuncion PAR"]
[Date "2009.06.18"]
[Round "9.15"]
[White "Heinichen, John"]
[Black "Benitez, Jose Rodolfo"]
[Result "1-0"]
[WhiteElo "1691"]
[BlackElo "1939"]
[PlyCount "93"]
[EventDate "2009.06.10"]
[EventType "swiss"]
[EventRounds "9"]
[EventCountry "PAR"]
[Source "lmi"]
[SourceDate "2009.06.10"]

1. e4 b6 2. d4 Bb7 3. f3 e6 4. Bf4 d6 5. Nc3 Nd7 6. Bd3 Be7 7. Nh3 Ngf6 8. Qe2
a6 9. e5 Nd5 10. Nxd5 Bxd5 11. c4 Bb7 12. exd6 cxd6 13. O-O g5 14. Bg3 h5 15.
f4 g4 16. f5 gxh3 17. fxe6 hxg2 18. Rxf7 Nf8 19. Qf2 Nxe6 20. Re1 Rh6 21. d5
Bc8 22. Bh4 Ra7 23. dxe6 Rxe6 24. Rf8+ Bxf8 25. Bg6+ Kd7 26. Rxe6 Qxh4 27. Qxh4
Kxe6 28. Qe4+ Kf6 29. Bxh5 Bf5 30. Qh4+ Ke5 31. Kxg2 Be4+ 32. Kf2 Rg7 33. Bf3
Bxf3 34. Kxf3 Rf7+ 35. Ke3 Ke6 36. Ke4 Re7 37. Qg4+ Kf6+ 38. Kd5 Re5+ 39. Kc6
b5 40. cxb5 axb5 41. h4 Ke7 42. h5 Rc5+ 43. Kb6 Bh6 44. Qe4+ Kd8 45. Qg6 Bf8
46. h6 Bxh6 47. Qxd6+ 1-0